Nomogramy /

Gespeichert in:
Bibliographische Detailangaben
1. Verfasser: Štěpánský, Václav (Verfasst von)
Format: Buch
Sprache:Tschechisch
Veröffentlicht: Praha : SNTL, 1966
Schlagworte:
Tags: Tag hinzufügen
Keine Tags, Fügen Sie das erste Tag hinzu!

MARC

LEADER 00000nam a22000003a 4500
001 stu42980
005 20150617225720.3
008 940608s1966----cs------------------cze-d
040 |a STU  |b slo 
041 0 |a cze 
044 |a cs 
080 |a 519.675 
100 1 |a Štěpánský, Václav  |4 aut 
245 1 |a Nomogramy /  |c [aut.]Václav Štěpánský 
260 |a Praha :  |b SNTL,  |c 1966 
300 |a 187 s 
650 7 |a Nomogramy  |2 stusub 
996 |b 284M016189  |c M*3981-1  |l MMKN  |s A  |a 24  |w stu42980_0001 
996 |b 284M016188  |c M*3981-2  |l MMKN  |s A  |a 24  |w stu42980_0002